[Event "Fortaleza Cearense-ch"]
[Site "Fortaleza"]
[Date "2021.??.??"]
[Round "1"]
[White "Saboya E Silva, Jose Frederico"]
[Black "Santos, Francisco Santiago"]
[Result "1-0"]
[WhiteElo "1999"]
[BlackElo "1196"]
[PlyCount "47"]
[EventDate "2021.11.12"]
[EventType "swiss"]
[EventRounds "7"]
[EventCountry "BRA"]
[SourceTitle "CBM 205 Extra"]
[Source "ChessBase"]
[SourceDate "2022.01.31"]
[SourceVersion "1"]
[SourceVersionDate "2022.01.31"]
[SourceQuality "1"]

1. d4 g6 2. c4 Bg7 3. Nc3 Nf6 4. g3 e6 5. Nf3 Nc6 6. d5 Na5 7. Qd3 b6 8. b4 Nb7 9. Rb1 h6 10. Bg2 d6 11. dxe6 Bxe6 12. Nd4 d5 13. Nxe6 fxe6 14. Qxg6+ Kf8 15. cxd5 exd5 16. 0-0 a6 17. Nxd5 Nxd5 18. Qf5+ Nf6 19. Bxb7 Ra7 20. Bg2 Qe8 21. Bb2 Qe7 22. e4 Kg8 23. e5 Ne8 24. Bd5+ 1-0